[Event "SVK-ch U14"]
[Site "Tatralandia"]
[Date "2024.04.08"]
[Round "5"]
[White "Chlastak, Tomas"]
[Black "Matusek, Levente"]
[Result "1-0"]
[WhiteElo "1000"]
[BlackElo "1000"]
[PlyCount "149"]
[EventDate "2024.04.05"]
[EventType "swiss"]
[EventRounds "9"]
[EventCountry "SVK"]
[SourceTitle "CBM 219 Extra"]
[Source "ChessBase"]
[SourceDate "2024.05.31"]
[SourceVersion "1"]
[SourceVersionDate "2024.05.31"]
[SourceQuality "1"]

1. e4 e5 2. Nf3 Nc6 3. d4 exd4 4. Nxd4 Nxd4 5. Qxd4 d6 6. Bb5+ Bd7 7. Bxd7+ Qxd7 8. 0-0 c5 9. Qd5 Nf6 10. Qd3 Be7 11. Nc3 0-0 12. Be3 Qg4 13. Nd5 Nxd5 14. exd5 Rad8 15. f3 Qb4 16. Qc3 Qxc3 17. bxc3 Bf6 18. Bd2 Rfe8 19. Rae1 h6 20. Rxe8+ Rxe8 21. Re1 Rxe1+ 22. Bxe1 b5 23. g4 Kf8 24. Kf2 Ke7 25. c4 a6 26. cxb5 axb5 27. c3 Bh4+ 28. Ke2 Bxe1 29. Kxe1 Kf6 30. c4 b4 31. Ke2 Kg5 32. Kf2 Kf4 33. Ke2 f5 34. gxf5 Kxf5 35. Ke3 g5 36. Kf2 Kf4 37. Kg2 Ke3 38. Kg3 Kd2 39. Kg4 Kc2 40. Kf5 Kb2 41. Ke6 Kxa2 42. Kxd6 b3 43. Kxc5 b2 44. d6 b1Q 45. d7 Qd1 46. Kc6 Qxf3+ 47. Kc7 Qf4+ 48. Kc8 Qf5 49. Kc7 Qc5+ 50. Kd8 g4 51. Ke8 Qc6 52. Ke7 Qc7 53. Ke8 Qc6 54. Ke7 Qxd7+ 55. Kxd7 Kb2 56. c5 Kc2 57. c6 Kd2 58. c7 Ke2 59. c8Q Kf2 60. Qh8 Kg2 61. Qxh6 g3 62. hxg3 Kxg3 63. Qf6 Kg4 64. Qe5 Kf3 65. Qd4 Ke2 66. Qc3 Kd1 67. Qb2 Ke1 68. Qc2 Kf1 69. Qd2 Kg1 70. Qe2 Kh1 71. Ke6 Kg1 72. Kf5 Kh1 73. Kg4 Kg1 74. Kg3 Kh1 75. Qg2# 1-0